00720nam a22002411a 450000100100000000500170001000800410002702000180006804100090008610000150009524500750011025000120018526000400019730000280023750000580026565000220032365000190034565000220036465000200038665000180040665000170042470000370044100006132320200120223954.0130212s2005 ck a er 000 m spa  a97895897480841 aDspa1 aSófocles13aEdipo rey ; Electra /cSófocles ; ilustraciones Juan Manuel Pedraza. a1a. ed. aBogotá :bEdiciones Dipon,c2005. a160 p. :bil. ;c20 cm. aEj.1 de la Biblioteca Madrid: 2a. ed. del año 2013.0 aLiteratura griega17aTeatro adultos27aLiteratura adulto27aTragedia griega27aTeatro griego27aDrama griego1 aPedraza, Juan Manueleilustrador